|
|
|
|
| LEADER |
00000nam a2200000 a 4500 |
| 001 |
vtls001368655 |
| 003 |
SK-MaSNL |
| 005 |
20260302000501.0 |
| 008 |
130607s1999 xo 0 slo |
| 015 |
|
|
|a SNBJ1999/03-01690
|
| 035 |
|
|
|a SNK000322361
|
| 040 |
|
|
|a SNK
|b slo
|c SNK
|e AACR2
|
| 044 |
|
|
|a xo
|c SK
|
| 080 |
|
|
|a 785.7:787.1:786.2(086.7)
|2 1981
|
| 080 |
|
|
|a 787.1
|2 1981
|
| 080 |
|
|
|a 786.2
|2 1981
|
| 245 |
1 |
|
|a Pressburger Duo
|h zvukový dokument
|
| 260 |
|
|
|a Bratislava
|b R.A.P.
|c 1999
|
| 300 |
|
|
|a 1 kompaktná platňa (52 min.48 sek.)
|b stereo
|
| 505 |
0 |
|
|a Obsahuje 15 skl.
|
| 511 |
|
|
|a Účinkujú Róbert Puškár, Peter Niňaj
|
| 650 |
0 |
7 |
|a komorná hudba
|x hudba pre husle
|x hudba pre klavír
|x platne kompaktné
|2 SNK
|9 635137
|
| 650 |
0 |
7 |
|a hudba pre husle
|x hudba pre klavír
|x platne kompaktné
|2 SNK
|9 620893
|
| 650 |
0 |
7 |
|a hudba pre klavír
|x platne kompaktné
|2 SNK
|9 283900
|
| 655 |
|
7 |
|a kompaktné platne
|2 SNK
|9 70690
|
| 700 |
1 |
|
|a Puškár, Róbert,
|d 1962-
|4 uci
|9 98853
|
| 700 |
1 |
|
|a Niňaj, Peter,
|d 1961-
|4 uci
|9 124687
|
| 999 |
|
|
|c 979724
|d 981654
|
| 952 |
|
|
|t P60, <03>, [BOOK], {603}
|a SNK
|b SNK
|y PREZ
|7 0
|p 17A0200360
|o snkSCD 892
|i snkJK 315/99
|0 0
|1 0
|4 0
|d 1999-07-22
|l 0
|r 2005-01-02 00:00:00
|w 2026-02-24
|